[Event "ODJM C 2018"]
[Site "Willingen GER"]
[Date "2018.05.23"]
[Round "5"]
[White "Grimm, Nicola Marie"]
[Black "Noever, Jonas"]
[Result "1/2-1/2"]
[Termination "normal"]
[Board "1"]
[WhiteElo "1439"]
[BlackElo "1204"]
[WhiteClock "00:15:56"]
[BlackClock "00:22:10"]
[PlyCount "116"]
[WhiteFideId "12988987"]
[BlackFideId "16266137"]
[EventCountry "GER"]
[EventRounds "9"]
[EventType "swiss"]
[EventDate "2018.05.19"]

1. d4 {[%clk 1:30:57]} 1... d5 {[%clk 1:30:53]} 2. Bf4 {[%clk 1:31:18]} 2...
Nf6 {[%clk 1:31:10]} 3. Nf3 {[%clk 1:31:33]} 3... Bf5 {[%clk 1:31:28]} 4. e3 {
[%clk 1:31:50]} 4... e6 {[%clk 1:31:28]} 5. Bd3 {[%clk 1:31:41]} 5... Bxd3 {
[%clk 1:31:45]} 6. Qxd3 {[%clk 1:32:02]} 6... Be7 {[%clk 1:30:34]} 7. c3 {
[%clk 1:31:49]} 7... O-O {[%clk 1:29:31]} 8. Nbd2 {[%clk 1:31:02]} 8... c5 {
[%clk 1:28:22]} 9. O-O {[%clk 1:29:39]} 9... Nc6 {[%clk 1:27:58]} 10. Rac1 {
[%clk 1:28:21]} 10... c4 {[%clk 1:05:09]} 11. Qc2 {[%clk 1:25:44]} 11... Re8 {
[%clk 1:01:46]} 12. e4 {[%clk 1:20:15]} 12... dxe4 {[%clk 1:00:43]} 13. Nxe4 {
[%clk 1:20:14]} 13... Nxe4 {[%clk 0:59:34]} 14. Qxe4 {[%clk 1:20:24]} 14... Qd5
{[%clk 0:59:39]} 15. Rfe1 {[%clk 1:17:33]} 15... Bf6 {[%clk 0:56:30]} 16. Rcd1
{[%clk 1:13:11]} 16... Rad8 {[%clk 0:54:08]} 17. h3 {[%clk 1:09:50]} 17... h6 {
[%clk 0:52:13]} 18. Be5 {[%clk 0:59:46]} 18... Bxe5 {[%clk 0:51:20]} 19. Nxe5 {
[%clk 0:59:39]} 19... Nxe5 {[%clk 0:49:19]} 20. Qxe5 {[%clk 0:59:25]} 20...
Qxe5 {[%clk 0:48:50]} 21. Rxe5 {[%clk 0:58:30]} 21... Rd5 {[%clk 0:49:01]} 22.
Rde1 {[%clk 0:58:09]} 22... Kf8 {[%clk 0:48:44]} 23. Kf1 {[%clk 0:57:02]} 23...
Re7 {[%clk 0:47:48]} 24. R1e3 {[%clk 0:53:04]} 24... Ke8 {[%clk 0:46:39]} 25.
Ke2 {[%clk 0:47:18]} 25... Kd7 {[%clk 0:46:47]} 26. Kf3 {[%clk 0:44:03]} 26...
f6 {[%clk 0:45:54]} 27. Rxd5+ {[%clk 0:42:47]} 27... exd5 {[%clk 0:46:12]} 28.
Kf4 {[%clk 0:40:59]} 28... Rxe3 {[%clk 0:46:11]} 29. fxe3 {[%clk 0:41:19]}
29... g6 {[%clk 0:46:31]} 30. g3 {[%clk 0:40:10]} 30... Ke6 {[%clk 0:46:33]}
31. g4 {[%clk 0:36:16]} 31... g5+ {[%clk 0:32:57]} 32. Kf3 {[%clk 0:35:01]}
32... f5 {[%clk 0:32:48]} 33. Kg3 {[%clk 0:34:07]} 33... Kf6 {[%clk 0:32:43]}
34. Kf3 {[%clk 0:33:56]} 34... Kg6 {[%clk 0:32:47]} 35. Kg3 {[%clk 0:31:20]}
35... h5 {[%clk 0:31:45]} 36. gxh5+ {[%clk 0:23:16]} 36... Kxh5 {[%clk 0:32:06]
} 37. b3 {[%clk 0:23:09]} 37... b5 {[%clk 0:32:16]} 38. bxc4 {[%clk 0:22:59]}
38... bxc4 {[%clk 0:32:34]} 39. a3 {[%clk 0:22:39]} 39... a6 {[%clk 0:32:39]}
40. a4 {[%clk 0:22:58]} 40... a5 {[%clk 0:33:04]} 41. Kg2 {[%clk 0:21:22]}
41... Kh4 {[%clk 0:33:02]} 42. Kh2 {[%clk 0:21:44]} 42... g4 {[%clk 0:31:32]}
43. hxg4 {[%clk 0:21:51]} 43... fxg4 {[%clk 0:31:48]} 44. Kg2 {[%clk 0:21:44]}
44... g3 {[%clk 0:32:06]} 45. e4 {[%clk 0:20:30]} 45... dxe4 {[%clk 0:32:25]}
46. d5 {[%clk 0:20:57]} 46... e3 {[%clk 0:30:10]} 47. d6 {[%clk 0:21:18]} 47...
e2 {[%clk 0:30:29]} 48. d7 {[%clk 0:21:37]} 48... e1=Q {[%clk 0:30:40]} 49.
d8=Q+ {[%clk 0:21:56]} 49... Kg4 {[%clk 0:30:58]} 50. Qd4+ {[%clk 0:19:17]}
50... Kf5 {[%clk 0:30:34]} 51. Qd5+ {[%clk 0:18:27]} 51... Kf4 {[%clk 0:29:20]}
52. Qf3+ {[%clk 0:17:53]} 52... Ke5 {[%clk 0:26:38]} 53. Qh5+ {[%clk 0:18:04]}
53... Kf4 {[%clk 0:26:53]} 54. Qf3+ {[%clk 0:18:25]} 54... Ke5 {[%clk 0:26:41]}
55. Qh5+ {[%clk 0:18:46]} 55... Kd6 {[%clk 0:26:01]} 56. Qg6+ {[%clk 0:18:12]}
56... Kd5 {[%clk 0:24:50]} 57. Qf7+ {[%clk 0:16:25]} 57... Kc5 {[%clk 0:23:09]}
58. Qc7+ {[%clk 0:15:56]} 58... Kd5 {[%clk 0:22:10]} 1/2-1/2

[Event "ODJM C 2018"]
[Site "Willingen GER"]
[Date "2018.05.23"]
[Round "5"]
[White "Heß, Wadim"]
[Black "Wellßow, Keoki"]
[Result "1/2-1/2"]
[Termination "normal"]
[Board "2"]
[WhiteElo "1235"]
[BlackElo "1490"]
[WhiteClock "01:09:01"]
[BlackClock "00:45:30"]
[PlyCount "41"]
[WhiteFideId "16266129"]
[BlackFideId "16251075"]
[EventCountry "GER"]
[EventRounds "9"]
[EventType "swiss"]
[EventDate "2018.05.19"]

1. e4 {[%clk 1:30:58]} 1... d6 {[%clk 1:30:31]} 2. d4 {[%clk 1:31:09]} 2... Nf6
{[%clk 1:30:38]} 3. Nc3 {[%clk 1:31:15]} 3... g6 {[%clk 1:30:13]} 4. Be3 {
[%clk 1:31:20]} 4... Bg7 {[%clk 1:30:11]} 5. Bc4 {[%clk 1:31:16]} 5... O-O {
[%clk 1:29:57]} 6. Qd2 {[%clk 1:31:20]} 6... e5 {[%clk 1:28:32]} 7. dxe5 {
[%clk 1:30:50]} 7... dxe5 {[%clk 1:28:48]} 8. O-O-O {[%clk 1:30:50]} 8... Qe7 {
[%clk 1:22:38]} 9. Nge2 {[%clk 1:28:08]} 9... b6 {[%clk 1:08:38]} 10. Nd5 {
[%clk 1:22:49]} 10... Nxd5 {[%clk 1:07:09]} 11. Bxd5 {[%clk 1:23:05]} 11... c6
{[%clk 1:07:21]} 12. Bb3 {[%clk 1:23:21]} 12... Be6 {[%clk 1:04:57]} 13. Bxe6 {
[%clk 1:20:53]} 13... Qxe6 {[%clk 1:04:40]} 14. Nc3 {[%clk 1:20:58]} 14... Na6
{[%clk 1:01:41]} 15. Kb1 {[%clk 1:20:22]} 15... Qe7 {[%clk 0:54:12]} 16. Qd7 {
[%clk 1:13:44]} 16... Qxd7 {[%clk 0:52:53]} 17. Rxd7 {[%clk 1:14:06]} 17...
Rfd8 {[%clk 0:52:15]} 18. Rhd1 {[%clk 1:12:39]} 18... Rxd7 {[%clk 0:49:43]} 19.
Rxd7 {[%clk 1:12:55]} 19... Bf8 {[%clk 0:48:14]} 20. Rd1 {[%clk 1:12:22]} 20...
Nc5 {[%clk 0:45:30]} 21. f3 {[%clk 1:09:01]} 1/2-1/2

[Event "ODJM C 2018"]
[Site "Willingen GER"]
[Date "2018.05.23"]
[Round "5"]
[White "Borriss, Benjamin"]
[Black "Kretschmer, Sven"]
[Result "1-0"]
[Termination "normal"]
[Board "3"]
[WhiteElo "1272"]
[BlackElo "1201"]
[WhiteClock "01:18:33"]
[BlackClock "00:59:29"]
[PlyCount "37"]
[WhiteFideId "16266099"]
[BlackFideId "16234650"]
[EventCountry "GER"]
[EventRounds "9"]
[EventType "swiss"]
[EventDate "2018.05.19"]

1. d4 {[%clk 1:30:57]} 1... d5 {[%clk 1:30:49]} 2. c4 {[%clk 1:31:20]} 2... e6
{[%clk 1:31:12]} 3. Nf3 {[%clk 1:31:35]} 3... Nf6 {[%clk 1:31:00]} 4. Nc3 {
[%clk 1:31:55]} 4... Bb4 {[%clk 1:29:28]} 5. Bf4 {[%clk 1:31:29]} 5... O-O {
[%clk 1:28:48]} 6. e3 {[%clk 1:31:48]} 6... Nc6 {[%clk 1:26:25]} 7. a3 { [%clk
1:31:17]} 7... Bxc3+ {[%clk 1:26:18]} 8. bxc3 {[%clk 1:31:40]} 8... Ne4 { [%clk
1:24:45]} 9. Qc2 {[%clk 1:31:35]} 9... b6 {[%clk 1:21:21]} 10. Bd3 { [%clk
1:31:28]} 10... Nf6 {[%clk 1:17:45]} 11. O-O {[%clk 1:30:44]} 11... Na5 { [%clk
1:15:20]} 12. cxd5 {[%clk 1:28:41]} 12... exd5 {[%clk 1:15:22]} 13. h3 { [%clk
1:25:23]} 13... Bb7 {[%clk 1:11:22]} 14. Bg5 {[%clk 1:22:07]} 14... h6 { [%clk
1:07:40]} 15. Bh4 {[%clk 1:22:30]} 15... Qd6 {[%clk 1:06:15]} 16. Bg3 { [%clk
1:19:10]} 16... Qe7 {[%clk 1:03:30]} 17. Ne5 {[%clk 1:19:02]} 17... Ne4 { [%clk
1:01:55]} 18. Bf4 {[%clk 1:18:16]} 18... f6 {[%clk 0:59:29]} 19. Ng6 { [%clk
1:18:33]} 1-0

[Event "ODJM C 2018"]
[Site "Willingen GER"]
[Date "2018.05.23"]
[Round "5"]
[White "Keck, Johannes"]
[Black "Richter, Gerrit"]
[Result "0-1"]
[Termination "normal"]
[Board "4"]
[WhiteElo "1147"]
[BlackElo "1428"]
[WhiteClock "00:31:20"]
[BlackClock "01:18:29"]
[PlyCount "130"]
[WhiteFideId "16258746"]
[BlackFideId "12990825"]
[EventCountry "GER"]
[EventRounds "9"]
[EventType "swiss"]
[EventDate "2018.05.19"]

1. e4 {[%clk 1:30:57]} 1... c5 {[%clk 1:30:50]} 2. Nf3 {[%clk 1:31:21]} 2...
Nc6 {[%clk 1:31:10]} 3. d4 {[%clk 1:31:41]} 3... cxd4 {[%clk 1:31:31]} 4. Nxd4
{[%clk 1:31:58]} 4... e5 {[%clk 1:31:49]} 5. Nf3 {[%clk 1:30:55]} 5... Nf6 {
[%clk 1:32:07]} 6. Nc3 {[%clk 1:31:07]} 6... d6 {[%clk 1:32:01]} 7. Bc4 { [%clk
1:30:00]} 7... Bg4 {[%clk 1:31:19]} 8. Bg5 {[%clk 1:18:14]} 8... Be7 { [%clk
1:30:08]} 9. Bxf6 {[%clk 1:17:29]} 9... Bxf6 {[%clk 1:30:21]} 10. Qd3 { [%clk
1:14:03]} 10... Bxf3 {[%clk 1:30:06]} 11. Qxf3 {[%clk 1:13:39]} 11... Nd4
{[%clk 1:29:49]} 12. Qd3 {[%clk 1:10:44]} 12... O-O {[%clk 1:29:26]} 13. O-O {
[%clk 1:07:37]} 13... Rc8 {[%clk 1:28:56]} 14. Bb3 {[%clk 1:06:59]} 14... Qa5 {
[%clk 1:27:41]} 15. Nd5 {[%clk 1:05:02]} 15... Bd8 {[%clk 1:24:23]} 16. c3 {
[%clk 1:03:41]} 16... Ne6 {[%clk 1:22:58]} 17. Qg3 {[%clk 0:55:34]} 17... Bg5 {
[%clk 1:20:52]} 18. Nb4 {[%clk 0:52:49]} 18... Nc5 {[%clk 1:20:36]} 19. Qxg5 {
[%clk 0:52:27]} 19... Nxe4 {[%clk 1:20:31]} 20. Qe3 {[%clk 0:50:56]} 20... Nc5
{[%clk 1:20:19]} 21. Nd5 {[%clk 0:47:03]} 21... Rfe8 {[%clk 1:20:09]} 22. Nb4 {
[%clk 0:45:24]} 22... Red8 {[%clk 1:19:53]} 23. Qf3 {[%clk 0:43:21]} 23... Qc7
{[%clk 1:19:09]} 24. Rad1 {[%clk 0:39:04]} 24... Ne6 {[%clk 1:18:19]} 25. Bxe6
{[%clk 0:38:08]} 25... fxe6 {[%clk 1:18:41]} 26. Rd2 {[%clk 0:37:26]} 26... Qb6
{[%clk 1:18:26]} 27. Qe3 {[%clk 0:36:57]} 27... Qc7 {[%clk 1:17:28]} 28. f4 {
[%clk 0:35:53]} 28... Rf8 {[%clk 1:17:25]} 29. fxe5 {[%clk 0:35:30]} 29...
Rxf1+ {[%clk 1:17:30]} 30. Kxf1 {[%clk 0:34:11]} 30... Qc4+ {[%clk 1:17:43]}
31. Kg1 {[%clk 0:34:00]} 31... Rf8 {[%clk 1:17:40]} 32. Rf2 {[%clk 0:33:56]}
32... a5 {[%clk 1:16:33]} 33. Rxf8+ {[%clk 0:32:58]} 33... Kxf8 {[%clk 1:15:50]
} 34. Qd3 {[%clk 0:32:53]} 34... Qc5+ {[%clk 1:15:48]} 35. Kf1 {[%clk 0:29:56]}
35... axb4 {[%clk 1:15:50]} 36. Qxd6+ Qxd6 37. exd6 {[%clk 0:29:41]} 37... bxc3
{[%clk 1:16:12]} 38. bxc3 {[%clk 0:29:56]} 38... Ke8 {[%clk 1:16:23]} 39. Ke2 {
[%clk 0:30:11]} 39... Kd7 {[%clk 1:16:47]} 40. Kd3 {[%clk 0:30:05]} 40... Kxd6
{[%clk 1:17:10]} 41. Kd4 {[%clk 0:30:22]} 41... e5+ {[%clk 1:16:09]} 42. Kc4 {
[%clk 0:30:04]} 42... Kc6 {[%clk 1:15:25]} 43. a4 {[%clk 0:30:08]} 43... b6 {
[%clk 1:15:32]} 44. g3 {[%clk 0:28:32]} 44... g6 {[%clk 1:15:03]} 45. h3 {
[%clk 0:28:48]} 45... h6 {[%clk 1:15:07]} 46. h4 {[%clk 0:28:47]} 46... h5 {
[%clk 1:15:15]} 47. Kd3 47... Kd5 {[%clk 1:14:29]} 48. c4+ {[%clk 0:28:41]}
48... Kc5 {[%clk 1:14:43]} 49. Ke4 {[%clk 0:28:16]} 49... Kxc4 {[%clk 1:15:03]}
50. Kxe5 {[%clk 0:28:38]} 50... Kb4 {[%clk 1:15:24]} 51. Kf6 {[%clk 0:28:57]}
51... Kxa4 {[%clk 1:15:44]} 52. Kxg6 {[%clk 0:29:21]} 52... b5 {[%clk 1:16:08]}
53. g4 {[%clk 0:27:57]} 53... hxg4 {[%clk 1:15:37]} 54. h5 {[%clk 0:27:56]}
54... g3 {[%clk 1:16:02]} 55. h6 {[%clk 0:28:05]} 55... g2 {[%clk 1:16:28]} 56.
h7 {[%clk 0:28:18]} 56... g1=Q+ {[%clk 1:16:50]} 57. Kh6 {[%clk 0:28:33]} 57...
Qh1+ {[%clk 1:17:10]} 58. Kg7 {[%clk 0:28:58]} 58... Qxh7+ {[%clk 1:17:33]} 59.
Kxh7 {[%clk 0:29:23]} 59... b4 {[%clk 1:17:53]} 60. Kg6 {[%clk 0:29:45]} 60...
b3 {[%clk 1:18:01]} 61. Kf5 {[%clk 0:30:07]} 61... b2 {[%clk 1:17:31]} 62. Ke4
{[%clk 0:30:24]} 62... b1=Q+ {[%clk 1:17:53]} 63. Kd4 {[%clk 0:30:44]} 63...
Qc2 {[%clk 1:17:52]} 64. Kd5 {[%clk 0:31:05]} 64... Qc3 {[%clk 1:18:09]} 65.
Kd6 {[%clk 0:31:20]} 65... Qc4 {[%clk 1:18:29]} 0-1

[Event "ODJM C 2018"]
[Site "Willingen GER"]
[Date "2018.05.23"]
[Round "5"]
[White "Hoffmann, Alexander"]
[Black "Lohrmann, Linus"]
[Result "1-0"]
[Termination "normal"]
[Board "5"]
[WhiteElo "1059"]
[BlackElo "1369"]
[WhiteClock "01:10:37"]
[BlackClock "01:15:27"]
[PlyCount "109"]
[WhiteFideId "16240219"]
[BlackFideId "12982857"]
[EventCountry "GER"]
[EventRounds "9"]
[EventType "swiss"]
[EventDate "2018.05.19"]

1. e4 {[%clk 1:30:58]} 1... e5 {[%clk 1:30:58]} 2. Nf3 {[%clk 1:31:23]} 2...
Nc6 {[%clk 1:31:26]} 3. Bb5 {[%clk 1:31:47]} 3... a6 {[%clk 1:31:49]} 4. Ba4 {
[%clk 1:32:08]} 4... Nf6 {[%clk 1:31:28]} 5. O-O {[%clk 1:32:13]} 5... d6 {
[%clk 1:30:26]} 6. Nc3 {[%clk 1:32:33]} 6... b5 7. Bb3 {[%clk 1:32:56]} 7...
Bb7 {[%clk 1:30:39]} 8. Ng5 {[%clk 1:31:55]} 8... Nd4 {[%clk 1:25:41]} 9. Nxf7
{[%clk 1:31:01]} 9... Qe7 {[%clk 1:25:04]} 10. Nxh8 {[%clk 1:30:53]} 10... Nxb3
{[%clk 1:24:57]} 11. axb3 {[%clk 1:31:06]} 11... Nxe4 {[%clk 1:24:39]} 12. Qh5+
{[%clk 1:27:59]} 12... g6 {[%clk 1:23:48]} 13. Nxg6 {[%clk 1:26:30]} 13... Nf6
{[%clk 1:22:37]} 14. Nxe7+ {[%clk 1:25:30]} 14... Nxh5 {[%clk 1:22:45]} 15. Nf5
{[%clk 1:24:02]} 15... b4 {[%clk 1:21:47]} 16. Ne2 {[%clk 1:16:10]} 16... a5 {
[%clk 1:18:18]} 17. Neg3 {[%clk 1:14:36]} 17... Nf6 {[%clk 1:17:15]} 18. d3 {
[%clk 1:14:00]} 18... Kd7 {[%clk 1:13:40]} 19. Bh6 {[%clk 1:13:30]} 19... Be7 {
[%clk 1:13:23]} 20. Nxe7 {[%clk 1:12:45]} 20... Kxe7 {[%clk 1:13:49]} 21. Bg5 {
[%clk 1:13:02]} 21... Kf7 {[%clk 1:13:14]} 22. Bxf6 {[%clk 1:13:10]} 22... Kxf6
{[%clk 1:13:38]} 23. c3 {[%clk 1:12:33]} 23... bxc3 {[%clk 1:13:30]} 24. bxc3 {
[%clk 1:12:22]} 24... c5 {[%clk 1:13:29]} 25. b4 {[%clk 1:11:59]} 25... cxb4 {
[%clk 1:13:51]} 26. cxb4 {[%clk 1:12:27]} 26... a4 {[%clk 1:14:16]} 27. Rfc1 {
[%clk 1:12:00]} 27... Ke6 {[%clk 1:13:37]} 28. Rc7 {[%clk 1:12:00]} 28... Bd5 {
[%clk 1:13:42]} 29. Rxh7 {[%clk 1:12:09]} 29... Rb8 {[%clk 1:13:54]} 30. Rxa4 {
[%clk 1:11:23]} 30... Bb3 {[%clk 1:13:53]} 31. Ra1 {[%clk 1:11:28]} 31... Bc2 {
[%clk 1:13:50]} 32. h4 {[%clk 1:09:56]} 32... Bxd3 {[%clk 1:14:04]} 33. Rh6+ {
[%clk 1:10:03]} 33... Kd7 {[%clk 1:13:42]} 34. Rd1 {[%clk 1:10:06]} 34... e4 {
[%clk 1:13:32]} 35. f3 {[%clk 1:09:02]} 35... d5 {[%clk 1:13:51]} 36. fxe4 {
[%clk 1:09:15]} 36... Bb5 {[%clk 1:13:17]} 37. Rxd5+ {[%clk 1:09:03]} 37... Kc7
{[%clk 1:13:34]} 38. Rh7+ {[%clk 1:07:22]} 38... Kc6 {[%clk 1:13:30]} 39. Nf5 {
[%clk 1:07:26]} 39... Bc4 {[%clk 1:12:21]} 40. Rc5+ {[%clk 1:07:24]} 40... Kb6
{[%clk 1:12:31]} 41. Rxc4 {[%clk 1:07:40]} 41... Kb5 {[%clk 1:12:44]} 42. Nd6+
{[%clk 1:07:38]} 42... Ka4 {[%clk 1:13:00]} 43. h5 {[%clk 1:07:44]} 43... Rd8 {
[%clk 1:12:22]} 44. e5 {[%clk 1:07:24]} 44... Kb3 {[%clk 1:12:18]} 45. h6 {
[%clk 1:07:34]} 45... Rxd6 {[%clk 1:12:30]} 46. exd6 {[%clk 1:08:03]} 46...
Kxc4 {[%clk 1:12:53]} 47. d7 {[%clk 1:08:23]} 47... Kxb4 {[%clk 1:13:19]} 48.
d8=Q {[%clk 1:08:37]} 48... Kb5 {[%clk 1:13:42]} 49. Qd4 {[%clk 1:08:52]} 49...
Kc6 {[%clk 1:14:03]} 50. Rg7 50... Kb5 {[%clk 1:14:25]} 51. Rg5+ { [%clk
1:08:59]} 51... Kc6 {[%clk 1:14:45]} 52. Qf6+ {[%clk 1:09:25]} 52... Kd7 {[%clk
1:15:04]} 53. Rg7+ {[%clk 1:09:46]} 53... Ke8 {[%clk 1:15:27]} 54. Re7+ {[%clk
1:10:14]} 54... Kd8 {[%clk 1:15:27]} 55. Qf8# {[%clk 1:10:37]} 1-0

[Event "ODJM C 2018"]
[Site "Willingen GER"]
[Date "2018.05.23"]
[Round "5"]
[White "Zinnikus, Elias"]
[Black "Scharf, Christian"]
[Result "0-1"]
[Termination "normal"]
[Board "6"]
[WhiteElo "944"]
[BlackElo "1246"]
[WhiteClock "00:54:28"]
[BlackClock "00:29:16"]
[PlyCount "56"]
[WhiteFideId "16245024"]
[BlackFideId "16266110"]
[EventCountry "GER"]
[EventRounds "9"]
[EventType "swiss"]
[EventDate "2018.05.19"]

1. Nf3 {[%clk 1:30:51]} 1... Nf6 {[%clk 1:30:54]} 2. d4 {[%clk 1:31:10]} 2...
e6 {[%clk 1:31:19]} 3. c4 {[%clk 1:31:23]} 3... d5 {[%clk 1:31:44]} 4. Bg5 {
[%clk 1:31:37]} 4... c6 {[%clk 1:31:34]} 5. e3 {[%clk 1:31:32]} 5... Nbd7 {
[%clk 1:31:53]} 6. Nc3 {[%clk 1:30:32]} 6... Bd6 {[%clk 1:30:41]} 7. Bd3 {
[%clk 1:30:17]} 7... dxc4 {[%clk 1:30:08]} 8. Bxc4 {[%clk 1:30:30]} 8... b5 {
[%clk 1:30:35]} 9. Bd3 {[%clk 1:30:18]} 9... a6 {[%clk 1:30:04]} 10. O-O {
[%clk 1:29:26]} 10... Bb7 {[%clk 1:29:31]} 11. e4 {[%clk 1:28:17]} 11... e5 {
[%clk 1:23:46]} 12. Rc1 {[%clk 1:22:14]} 12... O-O {[%clk 1:17:23]} 13. Re1 {
[%clk 1:17:14]} 13... Qc7 {[%clk 1:09:31]} 14. Kh1 {[%clk 1:13:04]} 14... Rfe8
{[%clk 1:08:02]} 15. Qd2 {[%clk 1:10:36]} 15... exd4 {[%clk 0:54:22]} 16. Nxd4
{[%clk 1:10:02]} 16... Bc5 {[%clk 0:52:48]} 17. Nf5 {[%clk 1:04:45]} 17... Ng4
{[%clk 0:50:34]} 18. Bf4 {[%clk 0:59:26]} 18... Qxf4 {[%clk 0:43:37]} 19. Qxf4
{[%clk 0:59:44]} 19... Nxf2+ {[%clk 0:44:00]} 20. Qxf2 {[%clk 1:00:06]} 20...
Bxf2 {[%clk 0:44:24]} 21. Re2 {[%clk 1:00:24]} 21... Bc5 {[%clk 0:40:31]} 22.
a3 {[%clk 0:58:31]} 22... g6 {[%clk 0:37:44]} 23. Ng3 {[%clk 0:57:23]} 23...
Ne5 {[%clk 0:35:52]} 24. Bc2 {[%clk 0:55:47]} 24... Rad8 {[%clk 0:32:05]} 25.
Bb1 {[%clk 0:54:10]} 25... b4 {[%clk 0:29:55]} 26. axb4 {[%clk 0:54:07]} 26...
Bxb4 {[%clk 0:30:18]} 27. Ba2 {[%clk 0:54:14]} 27... Bxc3 {[%clk 0:29:15]} 28.
Rxc3 {[%clk 0:54:28]} 28... Rd1+ {[%clk 0:29:16]} 0-1

[Event "ODJM C 2018"]
[Site "Willingen GER"]
[Date "2018.05.23"]
[Round "5"]
[White "Feil, Alexander"]
[Black "Senechal, Niklas Bennett"]
[Result "0-1"]
[Termination "normal"]
[Board "7"]
[WhiteElo "1361"]
[BlackElo "1395"]
[PlyCount "132"]
[WhiteFideId "4002954"]
[BlackFideId "16231180"]
[EventCountry "GER"]
[EventRounds "9"]
[EventType "swiss"]
[EventDate "2018.05.19"]

1. e4 c6 2. d4 d5 3. exd5 cxd5 4. Nf3 Bf5 5. Bb5+ Nc6 6. Nc3 Nf6 7. Bf4 e6 8.
O-O Bd6 9. Be5 O-O 10. a3 Ne4 11. Bd3 Nxc3 12. bxc3 Bxd3 13. Qxd3 Nxe5 14. dxe5
Be7 15. c4 dxc4 16. Qxc4 Rc8 17. Qe4 Qc7 18. Qa4 b6 19. Rac1 Rfd8 20. Rfe1 Rd5
21. Re3 Ra5 22. Qb3 Rxa3 23. Qb5 Ra5 24. Qd3 Qc6 25. Nd4 Qd5 26. Rh3 h6 27. g4
Ra3 28. Nf5 Rxd3 29. Nxe7+ Kf8 30. Nxd5 Rxh3 31. Kg2 Ra3 32. Ne3 Ke7 33. c4 Rc5
34. Kf3 Rxe5 35. Kf4 Rc5 36. Rb1 Ra2 37. Kf3 Rc6 38. h4 a5 39. Re1 Ra3 40. Kf4
Kd7 41. g5 h5 42. Ke4 Ra4 43. Ke5 b5 44. Kd4 bxc4 45. Rc1 Kd6 46. Rxc4 Rcxc4+
47. Nxc4+ Rxc4+ 48. Kxc4 Ke5 49. Kb5 Kf5 50. Kxa5 Kg4 51. g6 fxg6 52. Kb5 Kxh4
53. Kc5 Kg4 54. Kd6 h4 55. Kxe6 h3 56. Kf7 h2 57. Kxg7 h1=Q 58. Kxg6 Qf3 59.
Kh6 Qf5 60. f3+ Kxf3 61. Kg7 Qe6 62. Kh8 Qe7 63. Kg8 Kg4 64. Kh8 Kg5 65. Kg8
Kg6 66. Kh8 Qg7# 0-1

[Event "ODJM C 2018"]
[Site "Willingen GER"]
[Date "2018.05.23"]
[Round "5"]
[White "Werner, Florin"]
[Black "Kail, Oliver"]
[Result "1/2-1/2"]
[Termination "normal"]
[Board "8"]
[WhiteElo "1194"]
[BlackElo "1479"]
[PlyCount "43"]
[WhiteFideId "16250230"]
[BlackFideId "16228820"]
[EventCountry "GER"]
[EventRounds "9"]
[EventType "swiss"]
[EventDate "2018.05.19"]

1. e4 e5 2. Nf3 Nc6 3. Bc4 Bc5 4. d3 Nf6 5. Bg5 h6 6. Bh4 O-O 7. Nc3 Be7 8. a3
Nh5 9. Bxe7 Qxe7 10. g3 d6 11. Nh4 Nf6 12. h3 a6 13. Qf3 Nd4 14. Qd1 c6 15. Ne2
Nxe2 16. Qxe2 d5 17. Bb3 b5 18. O-O-O Ra7 19. f3 Rd7 20. g4 g5 21. Nf5 Qe8 22.
Nxh6+ 1/2-1/2

[Event "ODJM C 2018"]
[Site "Willingen GER"]
[Date "2018.05.23"]
[Round "5"]
[White "Torosyan, Bagrat"]
[Black "Bakalarz, Adrian"]
[Result "0-1"]
[Termination "normal"]
[Board "9"]
[WhiteElo "1170"]
[BlackElo "1206"]
[PlyCount "44"]
[WhiteFideId "16258134"]
[BlackFideId "12955809"]
[EventCountry "GER"]
[EventRounds "9"]
[EventType "swiss"]
[EventDate "2018.05.19"]

1. e4 e5 2. Nf3 Nf6 3. Nxe5 d6 4. Nf3 Nxe4 5. Nc3 Nxc3 6. bxc3 Be7 7. Be2 O-O
8. O-O Nc6 9. d4 d5 10. Bf4 Bf5 11. h3 Qd7 12. Bd3 Be4 13. Qe2 Qf5 14. Bh2 Bxf3
15. Bxf5 Bxe2 16. Rfe1 Bc4 17. Bd7 Bd6 18. Bxd6 cxd6 19. Rab1 Rab8 20. Rb2 Rfd8
21. Bf5 g6 22. Bd3 b5 0-1

[Event "ODJM C 2018"]
[Site "Willingen GER"]
[Date "2018.05.23"]
[Round "5"]
[White "Zalomska, Nikola"]
[Black "Sarian, Gaya"]
[Result "0-1"]
[Termination "normal"]
[Board "10"]
[WhiteElo "1174"]
[BlackElo "1143"]
[PlyCount "100"]
[WhiteFideId "16241290"]
[BlackFideId "16266161"]
[EventCountry "GER"]
[EventRounds "9"]
[EventType "swiss"]
[EventDate "2018.05.19"]

1. e4 e5 2. Nf3 Nc6 3. Bc4 Bc5 4. d3 Nf6 5. Be3 Bxe3 6. fxe3 d6 7. O-O Bg4 8.
Nbd2 O-O 9. a4 a6 10. h3 Bh5 11. g4 Bg6 12. Nh4 d5 13. Nxg6 fxg6 14. exd5 Nxd5
15. Rxf8+ Kxf8 16. Qf3+ Nf6 17. g5 Rb8 18. gxf6 gxf6 19. Rf1 Kg7 20. Ne4 f5 21.
Nc5 Qd6 22. Qd5 Qxd5 23. Bxd5 Nb4 24. Bb3 b6 25. Ne6+ Kf6 26. Nxc7 Rc8 27. c3
Nxd3 28. Nd5+ Kg7 29. Nxb6 Rb8 30. a5 Nxb2 31. Rf2 Nd3 32. Rd2 Nc5 33. Bc2 e4
34. Nd7 Rd8 35. Rd6 Rxd7 36. Rxd7+ Nxd7 37. Bb3 Kf6 38. Kf2 Ke5 39. h4 Nb8 40.
Bg8 h6 41. Bf7 Kf6 42. Bd5 g5 43. h5 g4 44. Kg3 Kg5 45. Bf7 Nc6 46. Be8 Nxa5
47. Bd7 Nb7 48. c4 Nc5 49. Bc8 a5 50. Kf2 a4 0-1

[Event "ODJM C 2018"]
[Site "Willingen GER"]
[Date "2018.05.23"]
[Round "5"]
[White "Altgelt, Helene"]
[Black "Glöckl, Simon"]
[Result "0-1"]
[Termination "normal"]
[Board "11"]
[WhiteElo "1199"]
[BlackElo "1321"]
[PlyCount "56"]
[WhiteFideId "16232020"]
[BlackFideId "16266072"]
[EventCountry "GER"]
[EventRounds "9"]
[EventType "swiss"]
[EventDate "2018.05.19"]

1. e4 d6 2. d4 Nf6 3. Nc3 e5 4. dxe5 dxe5 5. Qxd8+ Kxd8 6. Nf3 Bd6 7. Bc4 Be6
8. Bxe6 fxe6 9. Bg5 Ke7 10. Ke2 Nc6 11. Rad1 a6 12. a3 b5 13. Rd2 Na5 14. Nd1
Nc4 15. Rd3 Kf7 16. Bxf6 gxf6 17. g4 Rhg8 18. Rg1 f5 19. h4 fxe4 20. Ng5+ Rxg5
21. Rxd6 cxd6 22. hxg5 Kg6 23. Nc3 d5 24. Nd1 Kxg5 25. Kf1 Nd2+ 26. Ke2 Nf3 27.
Rg2 Rc8 28. c3 d4 0-1